00849nam a2200241 i 4500001000300000100003100003245011300034246003500147250001200182260004300194300002900237500003600266650002200302655003000324700002600354700003100380020002300411040000800434041001100442080001500453008004100468856009800509bg1 aMORRISON, Robert Thornton.00aChemia organiczna.nT. 1 /cRobert Thornton Morrison, Robert Neilson Boyd ; [tł. Wiesław Antkowiak i in.]. iTyt. oryg.:aOrganic chemistry aWyd. 3. aWarszawa :bWydaw. Naukowe PWN,c1994. a966 s. :brys. ;c25 cm. aOryg. "Organic chemistry" 1973. 9aChemia organiczna aPodręczniki akademickie1 aBOYD, Robert Neilson.1 aANTKOWIAK, Wiesław.eTł. a8301041668 (t.1/2) cBPK1 aplhen a547(075.8) s pl f |000 0 pol  uhttp://koha.tu.koszalin.pl/cgi-bin/koha/opac-detail.pl?biblionumber=30319yKatalog online BPK